Finančná politika SR do roku 2000

Základné smerovanie finančnej politiky SR do r.2000. Formovanie cieľov na podporu zámerov vlády v transformácii hospodárskej a sociálnej sféry. Ťažiskom finančnej politiky je fiškálna politika a v jej rámci rozpočtová politika. Nástroje a prostriedky na uskutočňovanie programu reštrukturalizácie eko...

Descrizione completa

Salvato in:
Dettagli Bibliografici
Autore principale: Troják, J.
Natura: Capitolo di libro
Lingua:slovacco
Soggetti:
Tags: Aggiungi Tag
Nessun Tag, puoi essere il primo ad aggiungerne!!

MARC

LEADER 00000naa a2200000 4500
001 r026776
005 20230606082808.1
041 0 |a slo 
044 |a SK 
245 1 0 |a Finančná politika SR do roku 2000  |c J. Troják 
520 |a Základné smerovanie finančnej politiky SR do r.2000. Formovanie cieľov na podporu zámerov vlády v transformácii hospodárskej a sociálnej sféry. Ťažiskom finančnej politiky je fiškálna politika a v jej rámci rozpočtová politika. Nástroje a prostriedky na uskutočňovanie programu reštrukturalizácie ekonomiky. Dlhodobá prognóza vývoja zložiek HDP v rokoch 1996-1998. 
610 2 0 |a politika finančná 
610 2 0 |a politika rozpočtová 
610 2 0 |a 2010 
610 2 0 |a Slovensko 
610 2 0 |a stratégia hospodárska 
610 2 0 |a prognózy hospodárske 
610 2 0 |a výhľad dlhodobý 
610 2 0 |a nástroje ekonomické 
610 2 0 |a nástroje finančné 
610 2 0 |a reštrukturalizácia 
610 2 0 |a vývoj hospodársky 
610 2 0 |a rast hospodársky 
610 2 0 |a produkt domáci hrubý 
100 1 |a Troják, J.